000 00523pab a2200205 454500
008 180718b2010 xxu||||| |||| 00| 0 eng d
100 _aFrank, David John
245 _aWorldwide trends in the criminal regulation of sex, 1945 to 2005
260 _c2010
300 _ap.867-893.
362 _aDec
650 _aCriminal law
650 _aGlobalization
650 _aSex
700 _aBoutcher, Steven A.
700 _aCamp, Bayliss J.
773 _aAmerican Sociological Review
908 _aN
909 _a91102
999 _c91102
_d91102